Principles of accounting / (Record no. 111722)
[ view plain ]
| 000 -LEADER | |
|---|---|
| campo de control de longitud fija | 01317nam a2200349Mi 4500 |
| 001 - NÚMERO DE CONTROL | |
| campo de control | 87248 |
| 005 - FECHA Y HORA DE LA ÚLTIMA TRANSACCIÓN | |
| campo de control | 20230411090045.0 |
| 008 - DATOS DE LONGITUD FIJA--INFORMACIÓN GENERAL | |
| campo de control de longitud fija | 020215s1999 maua p 001 0 eng d |
| 035 ## - NÚMERO DE CONTROL DEL SISTEMA | |
| Número de control de sistema | (OCoLC)ocn441125007 |
| 040 ## - FUENTE DE CATALOGACIÓN | |
| Centro catalogador/agencia de origen | SILIS |
| Normas de descripción | ppiak |
| Lengua de catalogación | slv |
| Centro/agencia transcriptor | SILIS |
| 020 ## - NÚMERO INTERNACIONAL ESTÁNDAR DEL LIBRO | |
| Número Internacional Estándar del Libro | 0395927587 |
| 020 ## - NÚMERO INTERNACIONAL ESTÁNDAR DEL LIBRO | |
| Número Internacional Estándar del Libro | 9780395927588 |
| 020 ## - NÚMERO INTERNACIONAL ESTÁNDAR DEL LIBRO | |
| Número Internacional Estándar del Libro | 0618022546 (CD-ROM) |
| 020 ## - NÚMERO INTERNACIONAL ESTÁNDAR DEL LIBRO | |
| Número Internacional Estándar del Libro | 9780618022540 (CD-ROM) |
| 035 ## - NÚMERO DE CONTROL DEL SISTEMA | |
| Número de control de sistema | (OCoLC)441125007 |
| 044 ## - CÓDIGO DEL PAÍS DE LA ENTIDAD EDITORA/PRODUCTORA | |
| Código MARC del país | xxu |
| Código ISO del país | usa |
| 080 ## - NÚMERO DE LA CLASIFICACIÓN DECIMAL UNIVERSAL | |
| Número de la Clasificación Decimal Universal | 657 |
| 082 0# - NÚMERO DE LA CLASIFICACIÓN DECIMAL DEWEY | |
| Número de clasificación | 657 |
| Número de edición | 21 |
| 049 ## - FONDOS LOCALES (OCLC) | |
| Biblioteca depositaria | GRAL |
| 245 10 - MENCIÓN DEL TÍTULO | |
| Título | Principles of accounting / |
| Mención de responsabilidad, etc. | Belverd E. Needles jr. ... [et al.]. |
| 250 ## - MENCION DE EDICION | |
| Mención de edición | 7th ed. |
| 260 ## - PUBLICACIÓN, DISTRIBUCIÓN, ETC. | |
| Lugar de publicación, distribución, etc. | Boston : |
| Nombre del editor, distribuidor, etc. | Houghton Mifflin, |
| Fecha de publicación, distribución, etc. | cop. 1999. |
| 300 ## - DESCRIPCIÓN FÍSICA | |
| Extensión | XLVI, 1229 str. : |
| Otras características físicas | ilustr. ; |
| Dimensiones | 29 cm + |
| Material acompañante/anejo | Needles accounting series user guide (7 str.) |
| 504 ## - NOTA DE BIBLIOGRAFÍA, ETC. | |
| Nota de bibliografía, etc. | Kazali. |
| 650 00 - PUNTO DE ACCESO ADICIONAL DE MATERIA--TÉRMINO DE MATERIA | |
| Término de materia o nombre geográfico como elemento de entrada | Accounting. |
| 653 0# - TÉRMINO DE INDIZACIÓN--NO CONTROLADO | |
| Término no controlado | raécunovodstvo |
| -- | informcijski sistemi |
| -- | informacije |
| -- | zakljuécni raécuni |
| -- | modeli |
| -- | notranja kontrola |
| -- | partnerstvo |
| -- | korporacije |
| -- | poroécila |
| -- | vodstveno raécunovodstvo |
| -- | controlling |
| -- | odloécanje |
| -- | analiza |
| 653 0# - TÉRMINO DE INDIZACIÓN--NO CONTROLADO | |
| Término no controlado | accounting |
| -- | information |
| -- | financial statements |
| -- | models |
| -- | internal control |
| -- | partnership |
| -- | corporations |
| -- | reports |
| -- | management accounting |
| -- | controlling |
| -- | decision making |
| -- | analysis |
| 700 12 - ENTRADA AGREGADA--NOMBRE PERSONAL | |
| Nombre de persona | Needles, Belverd E. |
| Relación | aut |
| 942 ## - ELEMENTOS DE ENTRADA SECUNDARIOS (KOHA) | |
| Fuente del sistema de clasificación o colocación | Clasificación de Library of Congress |
| Tipo de ítem Koha | |
| 946 ## - PROCESAMIENTO DE INFORMACIÓN LOCAL (OCLC) | |
| a | AFJ |
| 994 ## - | |
| -- | C0 |
| -- | DRFGD |
| Estatus retirado | Estado de pérdida | Fuente del sistema de clasificación o colocación | Estado de daño | No para préstamo | Colección | Biblioteca de origen | Biblioteca actual | Ubicación en estantería | Fecha de adquisición | Código de barras | Visto por última vez | Copia número | Tipo de ítem Koha |
|---|---|---|---|---|---|---|---|---|---|---|---|---|---|
| Clasificación de Library of Congress | Automatización y Procesos Técnicos | Biblioteca Juan Bosch | Biblioteca Juan Bosch | Automatización y Procesos Técnicos (1er. Piso) | 11/04/2023 | 00000081481 | 17/02/2019 | 1 |
